Sports Quiz

Random Sports or Baseball Quiz

MLB Stat by Career Leaders Quiz Stats

Quiz Updated May 13, 2013

Challenge
Share
Tweet
Embed
Score 0/28 Timer 05:00
0 Plays Today
Statistic % Correct
Home Runs
99.2%
Walks
75%
Batting Average
60.3%
Wins
55.3%
Hits
52.1%
Triples
48.7%
Strikeouts
46.8%
Saves
43.7%
Doubles
40.9%
Runs Batted In
37.8%
Strikeouts
36.9%
Hit by Pitch
33.8%
Runs Scored
33.3%
On-Base Percentage
30.2%
Statistic % Correct
Slugging Percentage
29.2%
Walks Issued
26%
Games
23%
Games Played
22.7%
Earned Run Average
22.5%
Losses
14.9%
Shutouts
11.1%
Walks & Hits per IP
9.7%
Home Runs Allowed
8.5%
Games Started
5.9%
Wins Above Replacement
5.1%
Hits Allowed
4.3%
Hit Batsmen
3.7%
Wild Pitches
1.8%

You're not logged in!

Compare scores with friends on all Sporcle quizzes.
Sign Up with Email
OR
Log In

You Might Also Like...

Show Comments

Extras

Top Quizzes Today


Score Distribution

Your Account Isn't Verified!

In order to create a playlist on Sporcle, you need to verify the email address you used during registration. Go to your Sporcle Settings to finish the process.

Report this User

Report this user for behavior that violates our Community Guidelines.

Details: